Responses for show #1291 - Monday, March 26, 1990

Andrew Bernknopf game 2.

Contestants

[<< previous game]

Paul Lenzi, a food service director originally from Pittsburgh, Pennsylvania

Glenda Wells, a housewife from Dahlgren, Illinois

Andrew Bernknopf, a lawyer originally from Pittsburgh, Pennsylvania (whose 1-day cash winnings total $4,700)

Jeopardy! Round responses

THE UNIVERSE
11-LETTER WORDS
FOOD FACTS
BASEBALL
MOVIE MUSICALS
DON'T TRY THIS AT HOME
(leave it to the professionals!)
    $100 16
(A: What is Venus?)
(P: What is Jupiter?)

Earth

AndrewGlendaPaul
    $100 1
Transparent

Paul
    $100 24
(minute to go in the round...)

Venison

Paul
    $100 2
Nolan Ryan

Paul
    $100 9
Joel Grey

Glenda
    $100 17
Her Complexion

Glenda
    $200 19
The Moon

Glenda
    $200 7
Respiration

Andrew
    $200 25
(A: What is a grapefruit?)

Watermelon

Andrew
Triple Stumper
    $200 3
Cincinnati Reds

Paul
    $200 10
Bert Lahr

Glenda
    $200 18
Straitjacket

Andrew
    $300 21
Rings

Glenda
    $300 8
Ornithology

Glenda
    $300 26
(P: What is veal scallopine?)

Veal Parmigiana

AndrewPaul
    $300 4
Walter Alston & Tommy Lasorda

Paul
    $500 11
(Alex: Even though this is a category about MOVIE MUSICALS, this is not an Audio Daily Double.)

George & Ira Gershwin

Glenda
    $300 20
Going over Niagara Falls

Andrew
    $400 27
The Sun

Paul
    $400 14
Trendsetter

Triple Stumper
    $400 28
(P: What is bratwurst?)

Knockwurst

Paul
Triple Stumper
    $400 5
Washington Senators

Paul
    $400 12
Shelley Fabares

Glenda
    $400 22
Wax

Paul
    $500 15
(G: What is avoipas?)
(Alex: Close enough? - no, we can't give it to you, you left out a very important syllable)

Avoirdupois

AndrewGlenda
    $500 29
(Paul: What is flounder?)
[The end-of-round signal sounds.]
(Alex: ...and our last clue will remain hidden.)

Halibut

GlendaPaul
    $500 6
(Alex: Yes, indeed!)

Washington Senators

Andrew
    $500 13
Rimsky-Korsakov

Andrew
    $500 23
Clyde Beatty

Triple Stumper

Scores at the first commercial break (after clue 15):

Andrew Glenda Paul
$1,700 $1,000 $1,100

Scores at the end of the Jeopardy! Round:

Andrew Glenda Paul
$2,200 $2,200 $700

Double Jeopardy! Round responses

THE RENAISSANCE
PEOPLE
PLANTS
ORGANIZATIONS
U.S. GEOGRAPHY
LITERARY QUOTES
    $200 6
Madrigal

Andrew
    $200 1
Ann Landers

Glenda
    $200 22
Weed

Andrew
    $200 17
National Organization for Women (NOW)

Andrew
    $200 11
Arctic, Atlantic & Pacific

Andrew
    $200 14
At Home

Paul
    $400 7
"The Prince"

Andrew
    $400 2
Bhagwan Shree Rajneesh

Paul
    $400 23
Venus Flytrap

Paul
    $400 18
(A: What is the Procrastination Society?)

Procrastinator's Club

AndrewPaul
    $400 12
U.S. Virgin Islands

Paul
    $400 27
Roses

Glenda
    $600 8
(G: Who is Michelangelo?)

Leonardo Da Vinci

AndrewGlenda
    $600 3
Lee Radziwill

Glenda
    $600 24
(Alex: Less than a minute to go.)

Witch Hazel

Andrew
    $600 19
Masons

Paul
    $600 13
Devils Tower

Glenda
    $600 28
Arthur Conan Doyle

Glenda
    $800 9
Pastorals

Andrew
    $800 4
Teamsters

Triple Stumper
    $800 25
Cold Frame

Triple Stumper
    $800 20
Al-Ateen

Paul
    $1,200 15
(P: What is Alaska?)

New Jersey

Paul
    $800 29
Robert Frost

Paul
    $1000 10
[Applause]
(Alex: Good for $1,000 and you did very well in THE RENAISSANCE!)

The Decameron

Andrew
    $1000 5
Daniel Boorstein

Andrew
    $1000 26
(Paul: What is kudzu?)

Bougainvillea

Paul
Triple Stumper
    $1000 21
The Salvation Army

Paul
    $1000 16
Bayou

Andrew
    $1,000 30
Mark Twain

Paul

Scores at the end of the Double Jeopardy! Round:

Andrew Glenda Paul
$8,000 $4,000 $4,500

[wagering suggestions for these scores]

Final Jeopardy! Round responses

COUNTRIES OF THE WORLD
(Alex: Where else would they be?)
GlendaWhat is India?
$4,000
PaulWhat is India?
$1,500
AndrewWhat is India?
$1,001
India

Final scores:

Andrew Glenda Paul
$9,001 $8,000 $6,000
2-day champion: $13,701 2nd place: Chair & table set & china set 3rd place: Sherwood Audio Component System

Game dynamics:

Coryat scores:

Andrew Glenda Paul
$8,000 $3,800 $5,700
18 R,
3 W
15 R
(including 1 DD),
2 W
18 R
(including 1 DD),
6 W
(including 1 DD)

Combined Coryat: $17,500

The J! Archive is created by fans, for fans. The Jeopardy! game show and all elements thereof, including but not limited to copyright and trademark thereto, are the property of Jeopardy Productions, Inc. and are protected under law. This website is not affiliated with, sponsored by, or operated by Jeopardy Productions, Inc. Join the discussion at JBoard.tv.